000 01256nas a2200361 a 4500
001 vtls000000677
003 NLI
005 20210601180024.0
008 101124c1980 ii au s000 0 eng
039 9 _y201011242357
_zVLOAD
040 _aNLI
_cVTLS
041 0 _aeng
044 _aii
082 0 4 _a315.46
110 1 _aJammu and Kashmir (India) .
_bDirectorate of Evaluation & Statistics
_97864
245 1 0 _aEconomy in figures /
_cPlanning & Development Department, Directorate of Evaluation & Statistics, Govt. of Jammu & Kashmir
260 _aJammu & Kashmir;
_b[s.n.] ,
_c1980
300 _a-v.;
_c11 x 15 cm.
310 _aAnnual
362 0 _a(1980)-
500 _aLibrary has : 1980
650 0 _aEconomic surveys
_zIndia
_zJammu and Kashmir
_96624
651 0 _aJammu and Kashmir (India)
_xStatistics
651 0 _aJammu and Kashmir (India)
_xEconomic conditions
_xStatistics
_97865
887 _a Ravi
901 _aIOD110958
_b03.06.1987
902 _aGP315.46 Ec74 1980
905 _aRavi
906 _aIOD746
949 _AVIRTUAITEM
_D10003
_F1
_X100
_6IOD000110958ENG
942 _2ddc
_cBKS
999 _aVIRTUA
_c4530
_d4530
999 _aVTLSSORT0080*0400*0410*0440*0820*1100*2450*2600*3000*3100*3620*5000*6500*6510*6511*9010*9020*9050*9060*9490*9991